1053 1614 1640 1770 1237 1598 1278 1803 1722 1174 1262 1911 1417 1940 1558 1641 1081 1815 1326 1309 1932 1179 1670 1049 1963 1246 1679 1138 1368 1002 1483 1537 1899 1286 1938 1788 1503 1078 1950 1565 1353 1137 1969 1126 1352 1262 1773 1401 1151 1896 1282 1958 1651 1959 1164 1512 1335 1549 1925 1640 1806 1113 1702 1250 1200 1942 1830 1268 1937 1080 1751 1619 1242 1389 1844 1444 1931 1227 1071 1485 1623 1755 1326 1933 1249 1364 1606 1085 1149 1014 1503 1641 1015 1066 1345 1359 1978 1420 1137 BCNSPRNW ULIB Ver.6.0+V

เปลี่ยนเป็นภาษาไทย

Change to English
 แสดงรายละเอียดบรรณานุกรม
  กลับหน้าหลัก

Brief Record : Get Marc (ISO 2709) : E-mail record : QR code < ปิดหน้าต่าง
LEADER : 00000nam 2200000uu 4500
001    13399121157
003     ULIB
008    121107s2547||||th 000 0 tha d
020    ^a9749216350
040    ^avu
050  4 ^aLB^bก111ก
245 00 ^aภาษีอากรตามประมวลรัษฎากร 2547 /^cรวบรวมและเรียบเรียงโดย กลุ่มนักวิชาการภาษีอากร.
250    ^aพิมพ์ใหม่ แก้ไขปรับปรุง.
260    ^a[กรุงเทพฯ] :^bโรงพิมพ์เรือนแก้วการพิมพ์,^c2547.
300    ^a10, 320 หน้า :^bภาพประกอบ.
650  7 ^aอากร.
650  7 ^aภาษี
710 2  ^aกลุ่มนักวิชาการภาษีอากร.
852    ^aบริหารธุรกิจ
945    ^p0^l0^i13988
999    ^aวิภา
รายการนี้ยังไม่มีแท็ก
คุณยังไม่ได้ล็อกอิน คุณสามารถมีกิจกรรมร่วมกับเว็บไซต์ได้ แต่ต้องล็อกอินก่อน ::
  ล็อกอิน

รายการสื่อสารสนเทศ

ลำดับที่ ประเภท เลขเรียก/บาร์โค้ด สถานที่ สถานะ
1. วิทยาศาสตร์การแพทย์ และสุขภาพ
วิทยาศาสตร์การแพทย์ และสุขภาพ
LB ก111ก  
  Barcode: 13988
ห้องสมุดวิทยาเขตสวรรค์ประชารักษ์
►หนังสือทั่วไป
บนชั้น

รายการใกล้เคียง
    หัวเรื่อง [ภาษี]

BibComment


ยังไม่เคยถูกคอมเมนท์

คอมเมนท์ทรัพยากรรายการนี้
  คอมเมนท์: ภาษีอากรตามประมว..


 Copyright 2026. Bcnsprnw @Library